Statistics for Flags of asia 2

Click here to take the quiz!

General Stats

  • This quiz has been taken 19 times
  • The average score is 14 of 15

Answer Stats

Answer% Correct
bangladesh
100%
china
100%
georgia
100%
indonesia
100%
israel
100%
thailand
100%
iran
93%
north korea
93%
saudi arabia
93%
turkey
93%
vietnam
93%
jordan
86%
uzbekistan
86%
yemen
86%
afghanistan
79%

Score Distribution

Percentile by Number Answered

Percent of People with Each Score

Your Score History

You have not taken this quiz